[Event "UGA olympic qual"]
[Site "Kampala"]
[Date "2022.03.06"]
[Round "4"]
[White "Ajiri, Benjamin Netanyahu"]
[Black "Musasizi, Emmanuel"]
[Result "0-1"]
[WhiteElo "1427"]
[BlackElo "1939"]
[PlyCount "62"]
[EventDate "2022.03.05"]
[EventType "tourn"]
[EventRounds "13"]
[EventCountry "UGA"]
[SourceTitle "EXT 2023"]
[Source "ChessBase"]
[SourceDate "2022.10.05"]
[SourceVersion "1"]
[SourceVersionDate "2022.10.05"]
[SourceQuality "1"]

1. d4 Nf6 2. Nf3 e6 3. c4 Bb4+ 4. Nbd2 b6 5. e3 Bb7 6. Be2 0-0 7. 0-0 d5 8. a3 Bxd2 9. Bxd2 Ne4 10. Qc2 f5 11. Bd3 Nd7 12. Rac1 Rc8 13. Bb4 c5 14. Bc3 cxd4 15. Nxd4 dxc4 16. Bxe4 Bxe4 17. Qa4 Bd5 18. f3 Nc5 19. Qc2 Nd3 20. Rcd1 Rf6 21. Nb5 Rh6 22. Qe2 Qh4 23. g3 Qe7 24. Rd2 e5 25. a4 a6 26. Na3 Qc5 27. Rxd3 cxd3 28. Qxd3 e4 29. fxe4 Bxe4 30. Qd4 Qxd4 31. Bxd4 Rhc6 0-1